| 000 | 01174nam a22002657a 4500 | ||
|---|---|---|---|
| 005 | 20170124103205.0 | ||
| 010 | _aB-093148 | ||
| 020 |
_c600.00 _a8186050264 |
||
| 035 | _aB-093148 | ||
| 037 | _bCen Lib/Ret | ||
| 040 |
_aDPL _bHN |
||
| 082 |
_a820.1 _bवोरास |
||
| 100 |
_aवोरा, सरोज के. _993414 |
||
| 245 |
_aआधुनिक हिंदी जैन साहित्य / _cसरोज के, वोरा |
||
| 246 |
_aAdhunik hindi jain sahitya / _bby Saroj K. Vora |
||
| 260 |
_a दिल्ली _bभारतीय कला प्रकाशन _c2000 |
||
| 270 |
_b दिल्ली _e110035 _a3421-ए, द्वितीय तल,नारंग कॉलोनी |
||
| 300 |
_a534पृ. _c20सेमी(अजिल्द ) |
||
| 500 | _aपरिशिष्ट शामिल | ||
| 650 |
_aसाहित्य--जैन _x _z _9110616 |
||
| 650 |
_aजैन -- साहित्य (आधुनिक हिंदी ) _988688 |
||
| 650 |
_aJain - Literature _993416 |
||
| 650 |
_aJain - Literature (Modern Hindi) _993417 |
||
| 942 |
_2ddc _cHN _h820.1 _mवोरास |
||
| 999 |
_c120924 _d120924 |
||